000
00275nam a2200097Ia 4500
001
768520
005
20250826165420.0
008
250824s9999 xx 000 0 und d
245
0
_a
BU SUDAN BİR DİNOZOR İÇMİŞ OLABİLİR Mİ
_c
ROBERT E. WELLS
260
_b
TÜBİTAK YAYINLARI
999
_c
768520
_d
768520